000 00437nam a2200181Ia 4500
008 230711s9999||||xx |||||||||||||| ||und||
020 _a978-81-265-1338-3
041 _aENG
082 _a546
_bCO-I
100 _aCotton,F.Albert
245 0 _aAdvanced inorganic Chemistry
250 _a6th
260 _c2011
_aNew Delhi
_bWiley Eastern Limited
300 _a1355
650 _aChemistry
700 _aWilkinson,Geoffrey
942 _cBK
999 _c192
_d192